Zimný kráľ bol vzor spoľahlivosti slovenský športovec šesťdesiatročia v ére vychádzania denníka Šport

Bibliographic Details
Main Author: Souček, Ľubomír (Author)
Format: Article
Language:Slovak
PhysicalDescription:Fotogr.
ISSN:0139-7001
Subjects:

MARC

LEADER 00000nab a2200000 ar4500
001 vtls008954884
003 SK-MaSNL
005 20260303070332.0
008 070313c20070307xo wr|p|||||||000 b|slo
015 |a SNBRBL2007/03  |2 snkbucl 
038 |a SNKBUCL 
040 |a SNKBUCL  |b slo  |c SNKBUCL  |e AACR2 
041 0 |a slo 
044 |a xo  |c SK 
080 |a 796.912.071  |2 2001 
080 |a 929 Nepela, Ondrej  |2 2001 
100 1 |a Souček, Ľubomír  |4 aut  |9 293440 
245 1 0 |a Zimný kráľ bol vzor spoľahlivosti  |b slovenský športovec šesťdesiatročia v ére vychádzania denníka Šport  |c Ľubomír Souček 
300 |b Fotogr. 
600 1 7 |a Nepela, Ondrej,  |d 1951-1989  |2 snkbucl  |9 214975 
650 0 7 |a krasokorčuľovanie  |2 snkbucl  |9 3255 
773 0 |t Šport  |g Roč. 61, č. 55 (7.3.2007), s. 2-3  |x 0139-7001 
852 |a SNK  |b KIS3GCP 
958 |a BX 
999 |c 1754923  |d 1756853